01776nam a2200313 a 450000100060000000300080000600500170001400800410003102000160007203500190008804000320010704100080013908200380014711000850018524503290027024601650059926000480076430000380081249000290085065100720087965100880095170000330103971000430107283000370111594200130115299900170116595201340118295201460131662841BD-RjUL20211209081128.0170126s1963 pk s o00| 0 eng  c: PRs. 3.50 a(BD-RjUL)62969 aDLCcDLCdDLCdBD-RjULbeng aeng a304.609549021223bCHT 1963 (DCR) aPakistan.bMinistry of Home and Kashmir Affairs (Home Affairs Division).918643210aPopulation census of Pakistan, 1961 : bDistrict census report, Chittagong Hill Tracts. Parts I-V : General description, general tables, housing tables, population tables, and village statistics. / cPakistan. Ministry of Home and Kashmir Affairs (Home Affairs Division) ; Census organization (Pakistan) ; A. Rashid, [comp.] aDistrict census report, Chittagong Hill Tracts : bParts I-V : General description, general tables, housing tables, population tables, and village statistics.  aKarachi: bManager of Publications,c[1963] avarious pagings :bill. ;c25 cm. acensus, 61 ;vP. No. 107 aPakistan (Bangladesh)zChittagong Hill TractsvCensus, 19619186811 aPakistan (Bangladesh)zChittagong Hill TractsxpopulationvStatisticsy19619186812 aRashid, A. , [comp.]9186708 aCensus organization (Pakistan)9186435 acensus, 61 ;vP. No. 1079187746 2ddccRAR c62841d62841 00102ddc40718RAREaRUCLbRUCLcRared1963-11-23l0oRA 304.609549021 CHT 1963(DCR)r2017-01-26 00:00:00tC-1w2021-12-09yRAR 00102ddc40718RAREaRUCLbRUCLcRared1964-04-30eZeitlingerl0oRA 304.609549021 CHT 1963(DCR)r2017-01-28 00:00:00tC-2w2021-12-09yRAR